Nový štatút Správy slovenských jaskýň

Bibliographic Details
Main Author: Hlaváč, Jozef (Author)
Format: Article
Language:Slovak
Subjects:

MARC

LEADER 00000nab a2200000 a 4500
001 vtls000630011
003 SK-MaSNL
005 20260304093607.0
008 250425c1996 xo 0 slo
015 |a SNBRB19rr/mm-uuuuu 
035 |a CL0630150 
035 |a urn:nbn:sk:snk-abf31e 
035 |a (urnnbn)urn:nbn:sk:snk:ar-0025pf 
035 |a (uuid)ac093ccb-a06a-4554-91a4-01c877fef732 
040 |a SNKBUCL  |b slo  |c SNKBUCL  |e AACR2 
041 0 |a slo 
044 |a xo  |c SK 
080 |a 502.64:061.25(437.6):551.442(437.6)  |2 1981 
080 |a 551.442(437.6)  |2 1981 
100 1 |a Hlaváč, Jozef  |4 aut  |9 7076 
245 1 0 |a Nový štatút Správy slovenských jaskýň  |c Jozef Hlaváč 
610 2 7 |a Správa slovenských jaskýň (Liptovský Mikuláš, Slovensko)  |2 snkbucl  |9 33354 
655 7 |a články z novín a časopisov  |2 snkbucl  |9 267496 
773 0 |t Aragonit  |g Č. 1 (1996), s. 17-18 
850 |a Slovenská národná knižnica 
852 |a Slovenská národná knižnica 
954 |a odborná, vedecká literatúra pôvodná (slovenská)  |2 lita 
958 |a article2022 
958 |a SK 
958 |a RK 
958 |a OND 
958 |a EUIPO 
992 |a RBX 
999 |c 2823796  |d 2825726